Glee- Quick Quiz Stats

 Plays Quiz not verified by Sporcle

Score 0/60 Timer 20:00
0 Plays Today
Info Answer % Correct
He is the father of Quinn's babyNoah Puckerman
96.1%
He dated Quinn at the beginningFinn Hudson
95.9%
They performed the song during babysitting'Papa don't preach'
66.1%
She adopted Quick's babyShelby Corcoran
60.7%
Quinn gave birth to herBeth
59.4%
Quinn moved to her in 'Funk'Mercedes Jones
58.9%
Puck told her that he is a fatherMercedes Jones
58.4%
Quinn's dated him again in season 2Finn Hudson
57.8%
Quinn wrote it to improve her reputation (she was on the top)Glist
54.5%
Puck dated her in LaryngitisMercedes Jones
54.5%
Quinn got into this universityYale University
53%
Name of Puck's brotherJake
51.7%
They're baking in this episode'Wheels'
51.4%
Quinn spent Ditch Day with himArtie
51.4%
Quinn slapped her when they were talking about KittySantana Lopez
50.9%
Quinn had a sex with herSantana Lopez
50.4%
Puck lived with him at the collageFinn Hudson
49.9%
He helped Quinn leave the wheelchairJoe Hart
49.6%
Quinn returned to Lima for this holiday'Thanksgiving'
49.6%
During driving & texting Quinn was hit by itTruck
49.1%
Quinn stood up at the prom during duet with herSantana Lopez
49.1%
Puck wrote a song for herLauren Zizes
48.6%
Puck's mother didn't let Quinn eat itBacon
48.1%
Puck was him in Tina's dreamBlaine Anderson
47.8%
Puck passed with this gradeC-
47.8%
Puck said to Finn that he had never used them during sexCondoms
47.3%
Puck had an affair with herShelby Corcoran
46.8%
Quinn was her in Tina's dreamSugar Motta
45.8%
The truth about who the father of Quinn's baby is comes to light in this episode'Sectionals'
44.5%
Puck sang this song with Rachel'Need you now'
43.7%
Info Answer % Correct
The song sung by Puck and Beiste'Mean'
43.2%
Quick met with old friends in this restaurantBreadstix
41.9%
Puck was her prom dateKitty Wilde
41.9%
They only kissed how many times?5
40.9%
At the beginning of the season 3 Quinn changed look and joined this groupThe Skanks
40.4%
Quinn's ex boyfriend who came to Lima with from YaleBiff McIntosh
40.4%
Puck suggested to Quinn naming their daughter These names...Jackie Daniels
39.6%
Puck could fail because of this lessonGeography
39.1%
Quinn, Santana and Brittany performed it in choir room'Toxic'
38.8%
Santana, Rachel, and Quinn sang it in 'Naked''Love Song'
37.5%
Puck sang it to Quinn'Keep holding on'
37%
Puck and the rest spent Ditch Day thereSix Flags
36.5%
Puck wanted to spend Christmas with Jake thereLos Angeles
36.5%
Their first and only duet'Just give me a reason'
36.2%
Puck was absent in 2 episodes in season 2 because he was in itJuvie
34.7%
Puck sang it in Grilled Cheesus'Only the good die young'
32.9%
They won Nationals in this cityChicago
32.9%
Quick returned to McKinley in this episode'100'
32.6%
The word that Quinn said to Puck at the end of '100'Stay
32.6%
Puck and Quinn were dancing together in the pool to this song'We found love'
32.1%
Puck sang it in honor of Finn'No surrender'
31.1%
Quinn was thinking that those words were a good protection during sex with PuckTrust me
30.1%
Puck's prom date after Anti PromBecky Jackson
29.8%
Quinn and Puck are partners for the sexual dance to this song'Toxic'
26.2%
Puck joined there in honor of Finn Air Force
26%
They bacame officially a couple in this episode'New Directions'
26%
Quinn saw Beth for the first time in tihs episode'Pot o' Gold'
20.3%
Puck met his father in this episode'Choke'
20.1%
Quinn's boyfriend during ThanksgivingYale professor
17.7%
In '100', Puck called himself like thisThe saw
14.9%

You're not logged in!

Compare scores with friends on all Sporcle quizzes.
OR
Log In

Sporcle TV

Today on Sporcle TV


Watch our educational content, quiz creation guides, and fun videos on Sporcle TV.

Show Comments

Extras

Top Quizzes Today


Score Distribution

Your Account Isn't Verified!

In order to create a playlist on Sporcle, you need to verify the email address you used during registration. Go to your Sporcle Settings to finish the process.

Report this User

Report this user for behavior that violates our Community Guidelines.

Details: